00427nam a2200181Ia 4500008004100000020001800041050001200059050001600071100002000087245002400107245001900131260001800150260002900168260000900197300001500206300001100221650001300232170203s9999 xx 000 0 und d a9789715102438 a291.432 b .O64t 2011 aOrbos, Jerry M. aTreasured Moments / cJerry M. Orbos aQuezon City : bLogos Publications, Inc. c2011 a91 pages ; c21 cm. xReligion